000 00686cam a22002413a 4500
001 13611
003 PGUSA
005 20140828083307.0
008 041008s2004||||xxu|||||s|||||000 | eng d
040 _aPGUSA
_beng
042 _adc
050 4 _aHQ
100 1 _aEllis, Havelock,
_d1859-1939
245 1 0 _aStudies in the Psychology of Sex, Volume 2 :
_bSexual Inversion
_h[electronic resource] /
_cHavelock Ellis
260 _bProject Gutenberg,
_c2004
506 _aPublic domain in the USA.
516 _aElectronic text
653 _aSex
653 _aSex (Psychology)
830 0 _aProject Gutenberg
_v13611
856 4 0 _uhttp://www.gutenberg.org/ebooks/13611
942 _cEB
999 _c242866
_d242866